|
|
|
|
| LEADER |
00000cas a2200000 a 4500 |
| 001 |
vtls001357658 |
| 003 |
SK-MaSNL |
| 005 |
20260228155740.0 |
| 008 |
160415d19uu19uuxo ar 0 0b0slo |
| 035 |
|
|
|a SNK000311160
|
| 040 |
|
|
|a SNK
|b slo
|c SNK
|e AACR2
|
| 041 |
0 |
|
|a slo
|
| 044 |
|
|
|a xo
|c SK
|
| 072 |
|
7 |
|a 621
|x Strojárstvo
|2 konspekt
|
| 080 |
|
|
|a 621
|2 2011
|
| 080 |
|
|
|a 050
|2 2011
|
| 080 |
|
|
|a (085.3)
|2 2011
|
| 245 |
0 |
0 |
|a ZŤS Dubnica nad Váhom plus, a.s.
|b výročná správa
|
| 260 |
|
|
|a Dubnica nad Váhom
|b ZŤS-Dubnica nad Váhom plus
|c [19--?-19--?]
|
| 300 |
|
|
|a zv.
|c 30 cm
|
| 310 |
|
|
|a 1x ročne
|
| 650 |
|
7 |
|a strojárstvo
|2 SNKPH
|9 674
|
| 655 |
|
7 |
|a podnikové periodiká
|2 SNKPH
|9 132333
|
| 910 |
|
|
|a snk
|
| 999 |
|
|
|c 414
|d 414
|
| 952 |
|
|
|0 0
|1 0
|4 0
|7 0
|a SNK
|b SNK
|d 1999-03-16
|i snkKSP 2837/99
|l 0
|o snkČSB 4770/1997
|p 17A0185623
|r 2005-01-02 00:00:00
|w 2026-02-21
|y PREZ
|